<?xml version="1.0" encoding="UTF-8"?>
<record
    xmlns:xsi="http://www.w3.org/2001/XMLSchema-instance"
    xsi:schemaLocation="http://www.loc.gov/MARC21/slim http://www.loc.gov/standards/marcxml/schema/MARC21slim.xsd"
    xmlns="http://www.loc.gov/MARC21/slim">

  <leader>02509nam a2200205 u 4500</leader>
  <controlfield tag="001">000020326</controlfield>
  <controlfield tag="005">20200929170352.0</controlfield>
  <controlfield tag="008">100813s2015    dr      r     000 0 spa d</controlfield>
  <datafield tag="020" ind1=" " ind2=" ">
    <subfield code="a">9789945083415</subfield>
  </datafield>
  <datafield tag="040" ind1=" " ind2=" ">
    <subfield code="a">DO-SdBNP</subfield>
    <subfield code="b">spa</subfield>
    <subfield code="c">BNPHU</subfield>
  </datafield>
  <datafield tag="082" ind1=" " ind2=" ">
    <subfield code="a">xxx</subfield>
    <subfield code="b">xxxx</subfield>
  </datafield>
  <datafield tag="100" ind1="1" ind2=" ">
    <subfield code="a">Hicheez Raller&#xED;a, Julio C&#xE9;sar</subfield>
    <subfield code="d">1955-</subfield>
    <subfield code="9">42972</subfield>
  </datafield>
  <datafield tag="245" ind1="1" ind2="0">
    <subfield code="a">R&#xE9;gimen municipal y orientaci&#xF3;n ciudadana /.</subfield>
  </datafield>
  <datafield tag="260" ind1=" " ind2=" ">
    <subfield code="a">Boca Chica, Rep&#xFA;blica Dominicana :</subfield>
    <subfield code="b">Fundaci&#xF3;n Julio C&#xE9;sar Hichez,</subfield>
    <subfield code="c">2015.</subfield>
  </datafield>
  <datafield tag="300" ind1=" " ind2=" ">
    <subfield code="a">698 p. : ;</subfield>
    <subfield code="c">24 cm.</subfield>
  </datafield>
  <datafield tag="500" ind1=" " ind2=" ">
    <subfield code="a">Incluye referencias bibliogr&#xE1;ficas y notas al pie de las p&#xE1;ginas</subfield>
  </datafield>
  <datafield tag="500" ind1=" " ind2=" ">
    <subfield code="a">Invluye datos biogr&#xE1;ficos del autor en la solapa de la cubierta</subfield>
  </datafield>
  <datafield tag="505" ind1="0" ind2=" ">
    <subfield code="a">Introducci&#xF3;n --</subfield>
    <subfield code="t">Cap&#xED;tulo I : Definici&#xF3;n, origen, historia evolutiva, finalidad, deberes y necesidad de los municipios --</subfield>
    <subfield code="t">Cap&#xED;tulo II : Ejercicio del poder pol&#xED;tico de los gobernantes --</subfield>
    <subfield code="t">Cap&#xED;tulo III: Estructura institucional de los municipios --</subfield>
    <subfield code="t">Cap&#xED;tulo IV : Organizaci&#xF3;n del gobierno municipal --</subfield>
    <subfield code="t">Cap&#xED;tulo V : Departamento centralizado y decentralizado --</subfield>
    <subfield code="t">Cap&#xED;tulo VI : Los arbitrios municipales --</subfield>
    <subfield code="t">Cap&#xED;tulo VIII : Captaci&#xF3;n de recursos municipales --</subfield>
    <subfield code="t">Cap&#xED;tulo IX : Cobro compulsivo fiscal y concesiones --</subfield>
    <subfield code="t">Cap&#xED;tulo X : Divisi&#xF3;n pol&#xED;tico-administrativa dominicana --</subfield>
    <subfield code="t">Cap&#xED;tulo XI : Problem&#xE1;tica de localizaci&#xF3;n de los barrios, calles, edificios y casas en las ciudades --</subfield>
    <subfield code="t">Cap&#xED;tulo XII : Los distritos municipales --</subfield>
    <subfield code="t">Cap&#xED;tulo XIII : Instituciones mucipales --</subfield>
    <subfield code="t">Cap&#xED;tulo XIV : La liga municipal dominicana --</subfield>
    <subfield code="t">Cap&#xED;tulo XV : Asociaciones municipales --</subfield>
    <subfield code="t">Cap&#xED;tulo XVI : Los partidos pol&#xED;ticos dominicanos --</subfield>
    <subfield code="t">Cap&#xED;tulo XVIII :Derecho electoral dominicano --</subfield>
    <subfield code="t">Cap&#xED;tulo XIX : C&#xF3;mo se distribuyen los funcionarios electos --</subfield>
    <subfield code="t">Cap&#xED;tulo XX : Participaci&#xF3;n comunitaria en la gesti&#xF3;n municipal --</subfield>
    <subfield code="t">Cap&#xED;tulo XXI : Junta de vecinos barriales y grupo de presi&#xF3;n --</subfield>
    <subfield code="t">Cap&#xED;tulo XXII : Los condominios y zonificaci&#xF3;n urbana --</subfield>
    <subfield code="t">Cap&#xED;tulo XXIII : El derecho parlamentario --</subfield>
    <subfield code="t">Cap&#xED;tulo XXIV : C&#xF3;mo redactar un curr&#xED;culum vitae --</subfield>
    <subfield code="t">Cap&#xED;tulo XXV : Derecho municipal --</subfield>
    <subfield code="t">Cap&#xED;tulo XXVI : La propiedad y sus derechos accesorios --</subfield>
    <subfield code="t">Cap&#xED;tulo XXVII : Derecho de la constituci&#xF3;n y su reglamento --</subfield>
    <subfield code="t">Cap&#xED;tulo XXVIII : Derecho de medio ambiente --</subfield>
    <subfield code="t">Cap&#xED;tulo XXIX : Jerarquizaci&#xF3;n de la norma y su necesidad --</subfield>
    <subfield code="t">Cap&#xED;tulo XXX : Disposici&#xF3;n constitucional y legal municipal --</subfield>
    <subfield code="t">Cap&#xED;tulo XXXI : Vocabulario jur&#xED;dico.</subfield>
  </datafield>
  <datafield tag="500" ind1=" " ind2=" ">
    <subfield code="a">Incluye datos biogr&#xE1;ficos del autor en la solapa de la cubierta</subfield>
  </datafield>
  <datafield tag="952" ind1=" " ind2=" ">
    <subfield code="0">0</subfield>
    <subfield code="1">0</subfield>
    <subfield code="7">1</subfield>
    <subfield code="8">DS</subfield>
    <subfield code="a">GR</subfield>
    <subfield code="b">GR</subfield>
    <subfield code="c">HD</subfield>
    <subfield code="d">2017-05-05</subfield>
    <subfield code="i">LF1</subfield>
    <subfield code="l">0</subfield>
    <subfield code="o">xxx xxxx</subfield>
    <subfield code="p">20326-30</subfield>
    <subfield code="r">2020-06-25</subfield>
    <subfield code="t">e. 3</subfield>
    <subfield code="w">2020-06-25</subfield>
    <subfield code="y">LFDS</subfield>
    <subfield code="Z">No se presta</subfield>
  </datafield>
  <datafield tag="952" ind1=" " ind2=" ">
    <subfield code="0">0</subfield>
    <subfield code="1">0</subfield>
    <subfield code="7">1</subfield>
    <subfield code="8">PD</subfield>
    <subfield code="a">PD</subfield>
    <subfield code="b">PD</subfield>
    <subfield code="c">HD</subfield>
    <subfield code="d">2017-05-05</subfield>
    <subfield code="i">LF1</subfield>
    <subfield code="l">0</subfield>
    <subfield code="o">xxx xxxx</subfield>
    <subfield code="p">20326-10</subfield>
    <subfield code="r">2020-06-25</subfield>
    <subfield code="t">e. 2</subfield>
    <subfield code="w">2020-06-25</subfield>
    <subfield code="y">LFPD</subfield>
    <subfield code="Z">No se presta</subfield>
  </datafield>
  <datafield tag="952" ind1=" " ind2=" ">
    <subfield code="0">0</subfield>
    <subfield code="1">0</subfield>
    <subfield code="7">1</subfield>
    <subfield code="8">PD</subfield>
    <subfield code="a">PD</subfield>
    <subfield code="b">PD</subfield>
    <subfield code="c">HD</subfield>
    <subfield code="d">2017-05-05</subfield>
    <subfield code="i">LF1</subfield>
    <subfield code="l">0</subfield>
    <subfield code="o">xxx xxxx</subfield>
    <subfield code="p">20326-20</subfield>
    <subfield code="r">2020-06-25</subfield>
    <subfield code="w">2020-06-25</subfield>
    <subfield code="y">LFPD</subfield>
    <subfield code="Z">No se presta</subfield>
  </datafield>
  <datafield tag="999" ind1=" " ind2=" ">
    <subfield code="c">19830</subfield>
    <subfield code="d">19830</subfield>
  </datafield>
</record>
